Textbook of Applied Biochemistry for BSc Nursing Students (Record no. 144200)

MARC details
000 -LEADER
fixed length control field 00498nam a2200181Ia 4500
003 - CONTROL NUMBER IDENTIFIER
control field OSt
005 - DATE AND TIME OF LATEST TRANSACTION
control field 20240829142315.0
008 - FIXED-LENGTH DATA ELEMENTS--GENERAL INFORMATION
fixed length control field 230314s9999 xx 000 0 und d
020 ## - INTERNATIONAL STANDARD BOOK NUMBER
International Standard Book Number 978-93-92242-12-0
041 ## - LANGUAGE CODE
Language code of text/sound track or separate title eng
082 ## - DEWEY DECIMAL CLASSIFICATION NUMBER
Classification number B/612.015/KAU/DB1061
100 ## - MAIN ENTRY--PERSONAL NAME
Personal name Kaur Amandeep
9 (RLIN) 180620
245 ## - TITLE STATEMENT
Title Textbook of Applied Biochemistry for BSc Nursing Students
260 ## - PUBLICATION, DISTRIBUTION, ETC. (IMPRINT)
Name of publisher, distributor, etc. Vision Health Sciences Publishers
Place of publication, distribution, etc. Punjab
Date of publication, distribution, etc. 2022
300 ## - PHYSICAL DESCRIPTION
Extent 216p
942 ## - ADDED ENTRY ELEMENTS (KOHA)
Source of classification or shelving scheme Dewey Decimal Classification
Koha item type Donated Book
Holdings
Withdrawn status Lost status Damaged status Not for loan Collection code Home library Current library Date acquired Cost, normal purchase price Bill number Total Checkouts Total Renewals Full call number Barcode Date last seen Date last checked out Bill Date Koha item type Original Barcode Source of classification or shelving scheme
          Smt. Bakul Tambat Institute of Nursing Education Smt. Bakul Tambat Institute of Nursing Education 30/11/2022 450.00 59 30 35 B 612.015 KAU DB1061 BTIN-DB-1061 21/07/2025 23/06/2025 25/11/2022 Donated Book DB1061  
          Smt. Bakul Tambat Institute of Nursing Education Smt. Bakul Tambat Institute of Nursing Education 08/08/2024 475.00 IK#2024-25#129 4 5 B 612.015 KAU DB1288 BTIN-DB-1288 17/07/2025 27/06/2025 08/08/2024 Donated Book DB1288 Dewey Decimal Classification